Siglas de universidades españolas - Estadísticas

Estadísticas generales
  • Esta prueba ha sido intentada 2.879 veces
  • La puntuación promedio es 8 de 18
Estadísticas de respuestas
Sigla Universidad % Correcto
UCM Universidad Complutense de Madrid
66%
UEx Universidad de Extremadura
64%
UCLM Universidad de Castilla-La Mancha
62%
UGR Universidad de Granada
60%
UAB Universitat Autònoma de Barcelona
59%
UC3M Universidad Carlos III de Madrid
54%
UPV Universitat Politècnica de València
53%
UNAV Universidad de Navarra
52%
UBU Universidad de Burgos
48%
UPV/EHU Universidad del País Vasco / Euskal Herriko Unibertsitatea
47%
Unizar Universidad de Zaragoza
44%
UAX Universidad Alfonso X el Sabio
39%
UAL Universidad de Almería
34%
UCAM Universidad Católica San Antonio de Murcia
33%
UPF Universitat Pompeu Fabra
24%
UDC Universidade da Coruña
14%
URV Universitat Rovira i Virgili
13%
UCAV Universidad Católica Santa Teresa de Jesús de Ávila
9%
No se encontraron pruebas coincidentes
Distribución de puntuación
Porcentaje de gente con cada puntuación
Porcentaje por número respondido
Historial de tus puntuaciones
No has intentado esta prueba.